Statistics for Countries bordering Niger (in clockwise order)

Click here to take the quiz!

General Stats

  • This quiz has been taken 26 times
  • The average score is 5 of 6

Answer Stats

country% Correct
Burkina Faso
96%
Mali
96%
Benin
92%
Chad
85%
Algeria
81%
Libya
77%

Score Distribution

Percentile by Number Answered

Percent of People with Each Score

Your Score History

You have not taken this quiz